Els Anys : El pas de la Vida El pas de la Vida
Descripción Física:
282 pàgines ; 14 cm
Colección:
Selecta
; 140
Materias:
Fons Joan Junyer i Pascual (1909-1994)
Idioma:
Undetermined
MARC
| LEADER | 00000nam a22000005i 4500 | ||
|---|---|---|---|
| 001 | 24754 | ||
| 003 | AGDB | ||
| 005 | 20260324181534.0 | ||
| 008 | 180709s1953 xx ||||| |||||||| ||und|c | ||
| 035 | |a (ES-BaCBU).b71890798 | ||
| 035 | |a 141186 | ||
| 040 | |a ES-BaURL |b cat |e rda |c ES-BaURL | ||
| 100 | 1 | |a Pla, Josep, |d 1897-1981, |e autor | |
| 245 | 1 | 4 | |a Els Anys : |b El pas de la Vida |
| 264 | 1 | |a Barcelona : |b Selecta, |c 1953 | |
| 300 | |a 282 pàgines ; |c 14 cm | ||
| 336 | |a text |b txt |2 rdacontent | ||
| 337 | |a sense mediació |b n |2 rdamedia | ||
| 338 | |a volum |b nc |2 rdacarrier | ||
| 490 | 0 | |a Selecta ; |v 140 | |
| 500 | |a Prové del fons Joan Junyer i Pascual (1909-1994) | ||
| 650 | |a Fons Joan Junyer i Pascual (1909-1994) |9 72777 | ||
| 907 | |a .b71890798 |b 23-01-21 |c 10-07-18 |d 10-07-18 |e m |f a |g - |h und |i xx |j 4 |k 1 | ||
| 908 | |a URL | ||
| 942 | |2 udc |c ARXIU |n 1 | ||
| 952 | |0 0 |1 0 |4 0 |6 F50415 |7 1 |9 98397 |a Arxiu |b Arxiu |d 2025-10-07 |l 0 |o F-504-15 |p 24754 |r 2025-10-07 12:40:14 |w 2025-10-07 |y ARXIU | ||
| 999 | |c 130151 |d 130151 | ||